000 00536nam a2200181 i 4500
001 23971
003 ES-MaACL
005 20260203063028.0
007 t|
008 021213s1972 sp ||||1| cat d
100 0 _aAmijai, Yehuda
_921248
245 1 0 _aAntología /
_cYehuda Amihai ; versió de l'hebreu i proleg d'Eduard Feliu.
260 _a[Barcelona] :
_bProa,
_c1972.
300 _a70 p. :
_bretr. aut. ;
_c18 cm.
700 1 _aFeliu, Eduard.
_949188
852 _aES-MaACL
_jC-53174
_bR.84091
999 _c23971
_d23971